000 00480nam a22001937a 4500
003 MPLRDC
005 20220104143429.0
008 210129b ||||| |||| 00| 0 eng d
020 _a7-5616-0083-6
082 _a997.1 LYP
100 _a罗义平等编
245 _a棋类
_c
250 _a一版一刷
260 _a
_b成都科技大学出版社
_c1987
300 _b
490 _a当代体育知识丛书
650 _a智力游戏--棋艺
942 _cBK
_o997.1 LYP
999 _c39837
_d39827